Využitie lignínu ako zložky gumárenských zmesi
Gespeichert in:
| 1. Verfasser: | |
|---|---|
| Weitere Verfasser: | |
| Format: | Manuskript Buch |
| Sprache: | Slowakisch |
| Schlagworte: | |
| Online-Zugang: | http://is.stuba.sk/zp/portal_zp.pl?podrobnosti=92825 |
| Tags: |
Keine Tags, Fügen Sie das erste Tag hinzu!
|
MARC
| LEADER | 00000ntm a22000003a 4500 | ||
|---|---|---|---|
| 001 | stuzp47195 | ||
| 003 | SK-STU | ||
| 005 | 20160229160122.8 | ||
| 007 | ta | ||
| 008 | 150427s2015----xo-----f-mn---000-0-slo-d | ||
| 040 | |a STU |b slo | ||
| 041 | 0 | |a slo | |
| 100 | 1 | |a Marlengová, Janka |u 049370 |4 aut |U FCHPT Ústav prírodných a syntetických polymérov |T FCHPT Oddelenie plastov a kaučuku |X 42827 |U C9370 |Y 128 |7 42827 | |
| 242 | 0 | 1 | |a Utilization of Lignin in Rubber Blends |y eng |
| 245 | 1 | 0 | |a Využitie lignínu ako zložky gumárenských zmesi |
| 650 | 4 | |a modelové kaučukové zmesi |2 slo | |
| 650 | 4 | |a sulfátový lignín |2 slo | |
| 650 | 4 | |a stabilizačný účinok |2 slo | |
| 650 | 4 | |a sulfate lignin |2 eng | |
| 650 | 4 | |a stabilizing effect |2 eng | |
| 650 | 4 | |a model rubber blends |2 eng | |
| 700 | 1 | |a Hudec, Ivan, |d 1954- |4 ths |X 3303 |7 A000003303 | |
| 856 | 4 | |u http://is.stuba.sk/zp/portal_zp.pl?podrobnosti=92825 | |
| SQL | |a stuzp47195 |b DBP |c SLO |d Využitie lignínu ako zložky gumárenských zmesi |e 42827 |f Marlengová, Janka |g 049370 |h 3303 |i Hudec, Ivan |j 20140715 |k 753 |l 04 |m http://is.stuba.sk/zp/portal_zp.pl?podrobnosti=92825 | ||